000
00300nam a22001337a 4500
008
180921b xxu||||| |||| 00| 0 eng d
020
_a
1576261344
041
_a
eng
080
_a
617
100
_a
5
101
_a
KIR
245
_a
Modern Anterior Scoliosis Surgery
_c
Lenke.LG
942
_2
udc
_c
BK
999
_c
48181
_d
48181